[Event "Catalunya-chT"]
[Site "Spain"]
[Date "1998.??.??"]
[Round "7"]
[White "Marti Manzano, JJ."]
[Black "Herreros Fernandez, Miguel"]
[Result "1-0"]
[WhiteElo "2125"]
[BlackElo "2310"]
[PlyCount "61"]
[EventDate "1998.01.??"]
[EventType "team"]
[EventRounds "9"]
[EventCountry "ESP"]
[SourceTitle "EXT 2003"]
[Source "ChessBase"]
[SourceDate "2002.11.25"]
[SourceVersion "1"]
[SourceVersionDate "2002.11.25"]
[SourceQuality "1"]

1. e4 Nf6 2. e5 Nd5 3. d4 d6 4. f4 g6 5. Nf3 Bg7 6. Bc4 c6 7. 0-0 0-0 8. Nc3 Be6 9. Bb3 dxe5 10. fxe5 Na6 11. Ng5 Nxc3 12. bxc3 Bxb3 13. axb3 Nc7 14. Qg4 f6 15. Nf3 a6 16. Ba3 Re8 17. Rae1 Qc8 18. Qe4 Qd7 19. c4 f5 20. Qh4 Ne6 21. c3 b5 22. g4 fxg4 23. Qxg4 Rad8 24. Ng5 Nxg5 25. Qxg5 Qe6 26. Rf3 bxc4 27. bxc4 h6 28. Qg2 Rf8 29. d5 cxd5 30. cxd5 Qb6+ 31. Kh1 1-0

[Event "Catalunya-chT"]
[Site "Spain"]
[Date "1998.??.??"]
[Round "6"]
[White "Marti Manzano, JJ."]
[Black "Lopez Abad, Sixte"]
[Result "1/2-1/2"]
[WhiteElo "2125"]
[BlackElo "2230"]
[PlyCount "138"]
[EventDate "1998.01.??"]
[EventType "team"]
[EventRounds "9"]
[EventCountry "ESP"]
[SourceTitle "EXT 2003"]
[Source "ChessBase"]
[SourceDate "2002.11.25"]
[SourceVersion "1"]
[SourceVersionDate "2002.11.25"]
[SourceQuality "1"]

1. e4 e6 2. d4 d5 3. e5 c5 4. c3 Nc6 5. Nf3 Bd7 6. Be2 cxd4 7. cxd4 Rc8 8. a3 Na5 9. 0-0 Rxc1 10. Qxc1 Nb3 11. Qc3 Nxa1 12. b4 Nh6 13. Nbd2 Be7 14. Rxa1 a6 15. Nb3 0-0 16. Rc1 Bg5 17. Nxg5 Qxg5 18. Na5 b6 19. Nb7 Nf5 20. Bxa6 Nxd4 21. Re1 Nf5 22. Nd6 d4 23. Qc7 Nh4 24. Bb7 Ba4 25. Qc1 Qxc1 26. Rxc1 d3 27. Nc4 Ng6 28. Re1 Rd8 29. Nd2 Rd7 30. Be4 Nxe5 31. f4 Ng4 32. Bf3 Nf6 33. Rc1 Bc2 34. Bd1 Rc7 35. Kf2 Nd5 36. g3 Nc3 37. Bf3 Ra7 38. Ra1 b5 39. Ke3 Rd7 40. Bc6 Rd6 41. Bf3 f6 42. Ne4 Nxe4 43. Bxe4 f5 44. Bf3 d2 45. Bd1 Be4 46. Ra2 Rd3+ 47. Ke2 Kf7 48. a4 bxa4 49. Bxa4 Rd4 50. Rb2 Bc6 51. Bd1 Bb5+ 52. Ke3 Rd3+ 53. Kf2 e5 54. fxe5 Ke6 55. Rb3 Rd4 56. Rb1 Kxe5 57. Ke3 Rd3+ 58. Kf2 Kd4 59. Be2 Kc3 60. Bxd3 Bxd3 61. Rg1 Kc2 62. Ke3 Be4 63. g4 d1Q 64. Rxd1 Kxd1 65. Kf4 g6 66. h4 Bd3 67. h5 fxg4 68. hxg6 hxg6 69. Kxg4 Kc2 1/2-1/2